Food exports competitiveness in EU by countries

Analýza konkurencieschopnosti vývozu poľnohospodárskych a potravinárskych výrobkov Európskej únie podľa krajín v rokoch 2004 - 2013 kontexte ich celkového vývozu, a to určením ich rozdielnych elasticít.

Na minha lista:
Detalhes bibliográficos
Autor principal: Chicko, José Ruiz
Outros Autores: Sánchez, Antonio Rafael Peña, García, Mercedes Jiménez
Formato: Capítulo de Livro
Idioma:inglês
Assuntos:
Tags: Adicionar Tag
Sem tags, seja o primeiro a adicionar uma tag!

MARC

LEADER 00000nla a2200000 4500
001 0236627
005 20220803171026.6
041 0 |a eng 
044 |a SK 
245 1 0 |a Food exports competitiveness in EU by countries  |c José Ruiz Chicko, Antonio Rafael Peña Sánchez, Mercedes Jiménez García 
520 |a Analýza konkurencieschopnosti vývozu poľnohospodárskych a potravinárskych výrobkov Európskej únie podľa krajín v rokoch 2004 - 2013 kontexte ich celkového vývozu, a to určením ich rozdielnych elasticít. 
610 2 0 |a vývoz 
610 2 0 |a potraviny 
610 2 0 |a Európska únia 
610 2 0 |a konkurencieschopnosť 
610 2 0 |a trh potravinový 
610 2 0 |a analýza komparatívna 
100 1 |a Chicko, José Ruiz 
700 1 |a Sánchez, Antonio Rafael Peña 
700 1 |a García, Mercedes Jiménez